[Event "Dyfed Open"]
[Site "Fishguard"]
[Date "2017.02.25"]
[Round "2"]
[White "Greatorex, Roger"]
[Black "Hewitt, William"]
[Result "1/2-1/2"]
[WhiteElo "1820"]
[BlackElo "2033"]
[PlyCount "102"]
[EventDate "2017.02.24"]
[EventType "swiss"]
[EventRounds "5"]
[EventCountry "WLS"]

1. d4 Nf6 2. Nf3 g6 3. Bg5 Bg7 4. Nbd2 O-O 5. e4 d5 6. e5 Ne4 7. Nxe4 dxe4 8.
Nd2 Qxd4 9. Bxe7 Re8 10. Ba3 Qxe5 11. Nc4 Qf6 12. Be2 Be6 13. O-O Nc6 14. c3 h5
15. Qc2 Rad8 16. Rad1 Bf5 17. Ne3 Qe5 18. Rxd8 Nxd8 19. Rd1 Be6 20. Qa4 Nc6 21.
Bb5 Rd8 22. Bxc6 Rxd1+ 23. Qxd1 bxc6 24. Qd8+ Kh7 25. c4 f5 26. g3 f4 27. gxf4
Qxf4 28. Qe7 Bh3 29. Bc5 Kh6 30. b3 Qf3 31. Qh4 a6 32. Qg3 g5 33. Be7 Qxg3+ 34.
fxg3 Kg6 35. Bc5 Be5 36. Kf2 Kf6 37. Nc2 a5 38. Be3 h4 39. Nd4 Bd7 40. Ne2
hxg3+ 41. Nxg3 Bf5 42. Bd2 Bd4+ 43. Be3 c5 44. Ke2 Bxe3 45. Kxe3 Ke5 46. Ne2
Bg4 47. Nc3 Bf5 48. Nd5 c6 49. Nc3 Bg6 50. Na4 Kd6 51. Nc3 Ke5 1/2-1/2

[Event "Dyfed Open"]
[Site "Fishguard"]
[Date "2017.02.25"]
[Round "2"]
[White "Rodriguez, Juan Talavera"]
[Black "May, Adam J"]
[Result "0-1"]
[WhiteElo "2007"]
[BlackElo "1922"]
[PlyCount "94"]
[EventDate "2017.02.24"]
[EventType "swiss"]
[EventRounds "5"]
[EventCountry "WLS"]

1. e4 c6 2. d4 d5 3. Nc3 dxe4 4. Nxe4 Bf5 5. Ng3 Bg6 6. h4 h6 7. h5 Bh7 8. Nf3
Nd7 9. Bd3 Bxd3 10. Qxd3 e6 11. Bf4 Qa5+ 12. Bd2 Bb4 13. c3 Be7 14. c4 Qc7 15.
O-O-O Ngf6 16. Ne4 Rd8 17. g3 Nxe4 18. Qxe4 Nf6 19. Qe2 b5 20. Qe1 Qb7 21. c5
Nd5 22. Ne5 b4 23. Qe2 a5 24. Rhe1 O-O 25. Rh1 a4 26. f4 a3 27. b3 Rfe8 28. g4
f6 29. Nf3 Bf8 30. g5 e5 31. dxe5 Qa7 32. gxf6 Qxc5+ 33. Qc4 gxf6 34. Rhg1+ Kh7
35. Rge1 Qxc4+ 36. bxc4 Nb6 37. Re4 Na4 38. Kc2 Nb2 39. Rb1 f5 40. Rd4 c5 41.
Rxb2 axb2 42. Rd5 Rxd5 43. cxd5 c4 44. Nh4 c3 45. Be3 Ra8 46. d6 b3+ 47. axb3
Ra1 0-1

[Event "Dyfed Open"]
[Site "Fishguard"]
[Date "2017.02.25"]
[Round "2"]
[White "Kett, Tim"]
[Black "Mort, Andrew J"]
[Result "1-0"]
[WhiteElo "2193"]
[BlackElo "1885"]
[PlyCount "83"]
[EventDate "2017.02.24"]
[EventType "swiss"]
[EventRounds "5"]
[EventCountry "WLS"]

1. e4 c6 2. d4 d5 3. e5 c5 4. dxc5 e6 5. Nf3 Nc6 6. a3 Bxc5 7. Bd3 Qc7 8. Qe2
Bd7 9. O-O a6 10. Nbd2 Nge7 11. Nb3 Ba7 12. Re1 Ng6 13. Bd2 Bb8 14. Bc3 Nf4 15.
Qe3 Nxd3 16. cxd3 O-O 17. Rac1 Ba7 18. Bd4 Bxd4 19. Nbxd4 Rac8 20. h4 Qd8 21.
h5 h6 22. b4 Nxd4 23. Qxd4 Bb5 24. Rc3 Qd7 25. Rec1 Rfd8 26. Kf1 Rxc3 27. Rxc3
Rc8 28. Ke2 Rc6 29. Kd2 Qc7 30. Rxc6 bxc6 31. g4 a5 32. g5 axb4 33. axb4 hxg5
34. Nxg5 Qe7 35. Nf3 Qd8 36. Qg4 Qe7 37. h6 g6 38. Qf4 c5 39. bxc5 Qxc5 40. h7+
Kxh7 41. Ng5+ Kh6 42. Nxe6+ 1-0

[Event "Dyfed Open"]
[Site "Fishguard"]
[Date "2017.02.25"]
[Round "2"]
[White "Stuart, Neil"]
[Black "Powell, Lloyd"]
[Result "1/2-1/2"]
[WhiteElo "1783"]
[BlackElo "2088"]
[PlyCount "65"]
[EventDate "2017.02.24"]
[EventType "swiss"]
[EventRounds "5"]
[EventCountry "WLS"]

1. d4 Nf6 2. c4 g6 3. Nc3 Bg7 4. e4 d6 5. Nf3 O-O 6. Be2 e5 7. Be3 Ng4 8. Bg5
f6 9. Bh4 Qe8 10. h3 Nh6 11. Qd2 Nd7 12. Rd1 Nf7 13. Nd5 Qd8 14. O-O c6 15. Nc3
Qc7 16. b4 a5 17. b5 Re8 18. dxe5 dxe5 19. bxc6 bxc6 20. Rb1 Nc5 21. Rfd1 Rd8
22. Qc2 Ne6 23. Rxd8+ Qxd8 24. Qd1 Qc7 25. Qb3 Ba6 26. Qb6 Qxb6 27. Rxb6 Nd4
28. Nxd4 exd4 29. Na4 Ne5 30. Nc5 Bxc4 31. Bxc4+ Nxc4 32. Rxc6 Rd8 33. Nd3
1/2-1/2

[Event "Dyfed Open"]
[Site "Fishguard"]
[Date "2017.02.25"]
[Round "2"]
[White "Bridges, Paul"]
[Black "Bourne, Johnathan D"]
[Result "0-1"]
[WhiteElo "1781"]
[BlackElo "1948"]
[PlyCount "58"]
[EventDate "2017.02.24"]
[EventType "swiss"]
[EventRounds "5"]
[EventCountry "WLS"]

1. e4 e6 2. d4 d5 3. e5 c5 4. c3 Nc6 5. Nf3 Bd7 6. Bd3 Qc7 7. O-O h6 8. Be3
O-O-O 9. a4 f6 10. exf6 gxf6 11. Na3 a6 12. dxc5 e5 13. Be2 e4 14. Nd2 Be6 15.
Bd4 Bg7 16. b4 Nxd4 17. cxd4 f5 18. Nb3 f4 19. b5 f3 20. gxf3 Bh3 21. bxa6 Bxd4
22. Qxd4 Nf6 23. Kh1 Rhg8 24. Rg1 Bg2+ 25. Rxg2 Rxg2 26. Kxg2 Rg8+ 27. Kh1 Qg7
28. axb7+ Kxb7 29. Na5+ Ka8 0-1

[Event "Dyfed Open"]
[Site "Fishguard"]
[Date "2017.02.25"]
[Round "2"]
[White "Van Kemenade, Rudy"]
[Black "Thomas, Roy"]
[Result "1-0"]
[WhiteElo "1947"]
[BlackElo "1718"]
[PlyCount "83"]
[EventDate "2017.02.24"]
[EventType "swiss"]
[EventRounds "5"]
[EventCountry "WLS"]

1. f4 d5 2. Nf3 Nf6 3. g3 g6 4. Bg2 Bg7 5. d3 O-O 6. O-O c6 7. c3 Qb6+ 8. e3
Ng4 9. Qe2 f5 10. h3 Nf6 11. Kh2 Qc7 12. Nbd2 b6 13. Ne5 Ba6 14. c4 Nbd7 15.
Ndf3 Nxe5 16. Nxe5 e6 17. b3 Nd7 18. d4 Nxe5 19. fxe5 Rf7 20. Ba3 Bf8 21. Bxf8
Raxf8 22. Rac1 Qc8 23. Qd2 Rc7 24. Rc3 Qd7 25. Rfc1 Rfc8 26. Qc2 Bb7 27. cxd5
exd5 28. b4 Qe7 29. Bxd5+ Kg7 30. Bg2 c5 31. Bxb7 Rxb7 32. bxc5 bxc5 33. Rxc5
Rxc5 34. Qxc5 Qe6 35. Rc2 Qa6 36. Qc4 Qa5 37. d5 Qe1 38. Qc8 Rb1 39. Rc7+ Kh6
40. Qf8+ Kg5 41. Qd8+ Kh6 42. Qh4# 1-0

[Event "Dyfed Open"]
[Site "Fishguard"]
[Date "2017.02.25"]
[Round "2"]
[White "Dixon, Chris"]
[Black "Francis, Matthew"]
[Result "1/2-1/2"]
[WhiteElo "1817"]
[BlackElo "1634"]
[PlyCount "69"]
[EventDate "2017.02.24"]
[EventType "swiss"]
[EventRounds "5"]
[EventCountry "WLS"]

1. Nf3 d6 2. d3 e5 3. e4 g6 4. g3 Bg7 5. Bg2 c5 6. O-O Nc6 7. Nc3 Nge7 8. Bg5
h6 9. Be3 Be6 10. Qd2 Nd4 11. Ne1 Qd7 12. Ne2 Bh3 13. c3 Nxe2+ 14. Qxe2 h5 15.
Nc2 h4 16. Rfd1 Bxg2 17. Kxg2 hxg3 18. fxg3 Qh3+ 19. Kg1 O-O-O 20. b4 f5 21.
bxc5 f4 22. cxd6 Nc6 23. gxf4 exf4 24. Bxf4 Bxc3 25. Rab1 Be5 26. Bxe5 Nxe5 27.
Ne1 Ng4 28. Rdc1+ Kb8 29. Rb2 Nxh2 30. Rc7 Qg3+ 31. Ng2 Nf3+ 32. Qxf3 Qxf3 33.
Rbxb7+ Ka8 34. Rxa7+ Kb8 35. Rab7+ 1/2-1/2

[Event "Dyfed Open"]
[Site "Fishguard"]
[Date "2017.02.25"]
[Round "2"]
[White "Eustis, Ian"]
[Black "Miller, John S"]
[Result "0-1"]
[WhiteElo "1794"]
[BlackElo "1651"]
[PlyCount "74"]
[EventDate "2017.02.24"]
[EventType "swiss"]
[EventRounds "5"]
[EventCountry "WLS"]

1. Nf3 Nf6 2. d4 g6 3. Bf4 Bg7 4. e3 O-O 5. Bc4 d6 6. O-O Nbd7 7. c3 a6 8. a4
b6 9. Nbd2 Bb7 10. h3 c5 11. Re1 d5 12. Bf1 Rc8 13. Ne5 Ne4 14. Nxd7 Qxd7 15.
Nxe4 dxe4 16. dxc5 Qxd1 17. Rexd1 e5 18. Bg3 Rxc5 19. Rd6 Rc6 20. Rxc6 Bxc6 21.
Bxa6 Ra8 22. Be2 Bxa4 23. Bb5 Ra5 24. Rxa4 Rxb5 25. Ra8+ Bf8 26. Bh4 Kg7 27. b4
Rd5 28. Rc8 Rd1+ 29. Kh2 Rc1 30. Bg3 f6 31. Rc7+ Kh6 32. b5 Bc5 33. Rc6 Kg5 34.
f4+ exf3 35. Bf2 fxg2 36. Kxg2 Rc2 37. Rc7 Bxe3 0-1

[Event "Dyfed Open"]
[Site "Fishguard"]
[Date "2017.02.25"]
[Round "2"]
[White "Cooke, Mark"]
[Black "Whale, Michael"]
[Result "0-1"]
[WhiteElo "1644"]
[BlackElo "1788"]
[PlyCount "94"]
[EventDate "2017.02.24"]
[EventType "swiss"]
[EventRounds "5"]
[EventCountry "WLS"]

1. e4 e5 2. d4 exd4 3. c3 d5 4. e5 dxc3 5. Nxc3 c6 6. f4 Ne7 7. Bd3 Nd7 8. Nf3
Nc5 9. O-O Bf5 10. Bxf5 Nxf5 11. Qc2 Qd7 12. Bd2 O-O-O 13. a3 h5 14. Ne2 Ne4
15. b4 Kb8 16. Ned4 Nxd4 17. Nxd4 c5 18. Nf3 Rc8 19. Qa2 Rh6 20. f5 Nxd2 21.
Qxd2 Qxf5 22. Ne1 Qg4 23. Rxf7 Rg6 24. Qxd5 Qd4+ 25. Qxd4 cxd4 26. Nf3 Rd8 27.
Nxd4 Bxb4 28. axb4 Rxd4 29. Rc1 Rd8 30. g3 Re8 31. Rcc7 Rb6 32. Rce7 Rxe7 33.
Rxe7 Rxb4 34. Rxg7 Re4 35. Rg5 a5 36. Rxh5 a4 37. e6 Rxe6 38. Ra5 Re4 39. h4 b6
40. Rf5 a3 41. Rf2 Rb4 42. Rf8+ Kb7 43. Rf7+ Ka6 44. Rf8 Kb5 45. Kg2 a2 46.
Rf5+ Ka6 47. Rf8 Ra4 0-1

[Event "Dyfed Open"]
[Site "Fishguard"]
[Date "2017.02.25"]
[Round "2"]
[White "Orton, Paul"]
[Black "Allford, Zane"]
[Result "1/2-1/2"]
[WhiteElo "1617"]
[BlackElo "1771"]
[PlyCount "96"]
[EventDate "2017.02.24"]
[EventType "swiss"]
[EventRounds "5"]
[EventCountry "WLS"]

1. e4 e5 2. Nf3 Nf6 3. Nxe5 d6 4. Nf3 Nxe4 5. d4 d5 6. Bd3 Bg4 7. Nbd2 f5 8.
O-O Be7 9. c3 Nd7 10. Qb3 Nb6 11. Ne5 Nd6 12. Re1 O-O 13. Qc2 Bh5 14. Ndf3 Nd7
15. Nxd7 Qxd7 16. Ne5 Qc8 17. Bd2 Ne4 18. f3 Nxd2 19. Qxd2 Bf7 20. Ng6 Bg5 21.
Qxg5 Bxg6 22. Re7 c5 23. Rae1 cxd4 24. cxd4 Qc6 25. R1e6 Qa4 26. Qe3 f4 27. Qe5
Bf7 28. h4 Rae8 29. h5 Rxe7 30. Rxe7 Qd1+ 31. Bf1 Qc1 32. Qg5 h6 33. Qe5 Qe3+
34. Qxe3 fxe3 35. Rxe3 Bxh5 36. Re7 Rb8 37. Bd3 Be8 38. Bf5 Kf8 39. Rc7 Bc6 40.
f4 Re8 41. Kf2 Re7 42. Rc8+ Re8 43. Kg3 Rxc8 44. Bxc8 Kf7 45. f5 Kf6 46. Kf4 b6
47. g4 a5 48. a3 Bb5 1/2-1/2

[Event "Dyfed Open"]
[Site "Fishguard"]
[Date "2017.02.25"]
[Round "2"]
[White "Buttell, David"]
[Black "Di-Vetta, Andrew"]
[Result "1-0"]
[WhiteElo "1748"]
[BlackElo "1604"]
[PlyCount "79"]
[EventDate "2017.02.24"]
[EventType "swiss"]
[EventRounds "5"]
[EventCountry "WLS"]

1. d4 d5 2. c4 c6 3. Nf3 Nf6 4. Nc3 g6 5. e3 Bg7 6. Bd3 Bg4 7. h3 Bxf3 8. Qxf3
e6 9. O-O O-O 10. c5 Nbd7 11. b4 e5 12. Qd1 e4 13. Be2 h5 14. Bd2 Nh7 15. b5 f5
16. Qa4 Qf6 17. bxc6 bxc6 18. Nxd5 cxd5 19. Qxd7 Rfd8 20. Qa4 Qg5 21. Ba5 Rf8
22. Qc6 Nf6 23. Bc7 Rac8 24. Qe6+ Kh7 25. Bf4 Qh4 26. Bg3 Qg5 27. h4 Qh6 28.
Bf4 g5 29. hxg5 Qg6 30. gxf6 Bxf6 31. Rab1 Rg8 32. Rb7+ Kh8 33. g3 Rcf8 34. Kg2
Rg7 35. Rxg7 Kxg7 36. Rh1 h4 37. Qxd5 Bg5 38. Bxg5 Qxg5 39. Rxh4 Kg6 40. Qe6+
1-0

[Event "Dyfed Open"]
[Site "Fishguard"]
[Date "2017.02.25"]
[Round "2"]
[White "Probert, Malcolm"]
[Black "Jones, Martin C"]
[Result "1/2-1/2"]
[WhiteElo "1598"]
[BlackElo "1733"]
[PlyCount "66"]
[EventDate "2017.02.24"]
[EventType "swiss"]
[EventRounds "5"]
[EventCountry "WLS"]

1. Nf3 Nf6 2. g3 c5 3. Bg2 Nc6 4. c4 g6 5. O-O Bg7 6. Nc3 O-O 7. d4 cxd4 8.
Nxd4 Nxd4 9. Qxd4 d6 10. Qd3 a6 11. Rd1 Qc7 12. Bf4 Rb8 13. Rac1 Bd7 14. b3
Rbc8 15. e4 Qa5 16. a4 Bc6 17. Bd2 Qb6 18. Ne2 Ng4 19. Rf1 Ne5 20. Qc2 Rfd8 21.
a5 Qc7 22. b4 Bb5 23. Be3 Qxc4 24. Qxc4 Rxc4 25. Nd4 Rdc8 26. Nxb5 axb5 27.
Rxc4 Rxc4 28. Rc1 e6 29. Bf1 Rxc1 30. Bxc1 Nc6 31. Bd2 Na7 32. Be3 Nc6 33. Bd2
Na7 1/2-1/2

[Event "Dyfed Open"]
[Site "Fishguard"]
[Date "2017.02.25"]
[Round "2"]
[White "Philpin, Les"]
[Black "Jones, Dewi"]
[Result "1-0"]
[WhiteElo "1719"]
[BlackElo "1534"]
[PlyCount "79"]
[EventDate "2017.02.24"]
[EventType "swiss"]
[EventRounds "5"]
[EventCountry "WLS"]

1. d4 Nf6 2. Nf3 g6 3. Bf4 Bg7 4. e3 d6 5. Nbd2 O-O 6. Be2 Nbd7 7. c3 Qe8 8.
Qc2 a6 9. h3 e5 10. dxe5 dxe5 11. Bh2 c6 12. O-O-O b5 13. Nb3 a5 14. Ng5 a4 15.
Nd2 h6 16. Nge4 Nd5 17. Nd6 Qe7 18. Nxc8 Rfxc8 19. g4 b4 20. Nb1 bxc3 21. Nxc3
N7b6 22. Kd2 Qh4 23. Bg3 Qe7 24. Ke1 Nxc3 25. Qxc3 e4 26. Qc2 Qb4+ 27. Kf1 Qxb2
28. Qxb2 Bxb2 29. Rd2 a3 30. Rc2 Na4 31. Bc4 Nb6 32. Bf4 Nxc4 33. Rxc4 Kg7 34.
Rxe4 Rd8 35. Ke2 Rd5 36. Rd1 Rad8 37. Rxd5 Rxd5 38. Rc4 c5 39. e4 Rd4 40. Be5+
1-0

[Event "Dyfed Open"]
[Site "Fishguard"]
[Date "2017.02.25"]
[Round "2"]
[White "Leah, Howard"]
[Black "Jones, Huw"]
[Result "1/2-1/2"]
[WhiteElo "1518"]
[BlackElo "1707"]
[PlyCount "48"]
[EventDate "2017.02.24"]
[EventType "swiss"]
[EventRounds "5"]
[EventCountry "WLS"]

1. e4 e6 2. d4 d5 3. Nc3 Bb4 4. e5 c5 5. a3 Bxc3+ 6. bxc3 Ne7 7. Qg4 Qc7 8.
Qxg7 Rg8 9. Qxh7 cxd4 10. Ne2 dxc3 11. Bf4 Bd7 12. Nd4 a6 13. Be2 Nbc6 14. Nxc6
Bxc6 15. O-O d4 16. Bg3 O-O-O 17. Qxf7 Bd5 18. Rfd1 Rgf8 19. Qh7 Rh8 20. Qd3
Nf5 21. Bf3 Bc4 22. Qe4 Bd5 23. Qe2 Nxg3 24. fxg3 Bc4 1/2-1/2

[Event "Dyfed Open"]
[Site "Fishguard"]
[Date "2017.02.25"]
[Round "2"]
[White "Jansen van Rensburg, Leon"]
[Black "Horrell, Stephen A"]
[Result "0-1"]
[WhiteElo "1700"]
[BlackElo "1461"]
[PlyCount "84"]
[EventDate "2017.02.24"]
[EventType "swiss"]
[EventRounds "5"]
[EventCountry "WLS"]

1. e4 e6 2. d3 d5 3. Nd2 Nf6 4. g3 c5 5. Bg2 d4 6. e5 Nd5 7. Ngf3 Nc6 8. O-O
Be7 9. Re1 O-O 10. h4 Qc7 11. Nf1 f5 12. exf6 Nxf6 13. Bf4 Bd6 14. Bd2 Ng4 15.
Ng5 e5 16. Ne4 Bd7 17. Nh2 Nf6 18. Bg5 Nxe4 19. Bxe4 Be6 20. Qh5 Bf5 21. Bd5+
Kh8 22. Ng4 Bg6 23. Qh6 gxh6 24. Nxh6 Be7 25. Bd2 Bf6 26. Rf1 Qd7 27. Bg2 Bg7
28. Rae1 Rae8 29. a3 Ne7 30. f3 Nd5 31. Ng4 Bf5 32. Nf2 h5 33. Re2 Re6 34. Rfe1
Bh6 35. Bg5 Bxg5 36. hxg5 Ne3 37. Ne4 Bxe4 38. dxe4 Nxg2 39. Kxg2 Qg7 40. Rh1
Qxg5 41. g4 Rh6 42. Kf2 hxg4 0-1

[Event "Dyfed Open"]
[Site "Fishguard"]
[Date "2017.02.25"]
[Round "3"]
[White "Strugnell, Carl"]
[Black "Byway, Paul V"]
[Result "1-0"]
[WhiteElo "2255"]
[BlackElo "2054"]
[PlyCount "71"]
[EventDate "2017.02.24"]
[EventType "swiss"]
[EventRounds "5"]
[EventCountry "WLS"]

1. e4 c5 2. Nf3 e6 3. Nc3 Nc6 4. d4 cxd4 5. Nxd4 Nf6 6. Nxc6 bxc6 7. e5 Nd5 8.
Ne4 c5 9. Be2 Bb7 10. O-O Rc8 11. a4 Ne3 12. Bxe3 Bxe4 13. Ba6 Rb8 14. Bb5 Qc7
15. Qg4 Bc6 16. c4 h5 17. Qg5 h4 18. Qg4 Qb7 19. h3 a6 20. Bxc6 Qxc6 21. Rfd1
Rxb2 22. Rab1 Rb4 23. Bd2 a5 24. Bxb4 cxb4 25. Rd3 Rh6 26. Qf3 Qxf3 27. gxf3
Rh5 28. f4 Rf5 29. Rbd1 Rxf4 30. Rxd7 Be7 31. Rb7 Bc5 32. Rb8+ Ke7 33. Rbd8
Bxf2+ 34. Kg2 Bd4 35. R1xd4 Rxd4 36. Rxd4 1-0

[Event "Dyfed Open"]
[Site "Fishguard"]
[Date "2017.02.25"]
[Round "3"]
[White "Jones, Iolo C"]
[Black "Spencer, Douglas"]
[Result "1-0"]
[WhiteElo "2181"]
[BlackElo "1962"]
[PlyCount "117"]
[EventDate "2017.02.24"]
[EventType "swiss"]
[EventRounds "5"]
[EventCountry "WLS"]

1. d4 d5 2. Nf3 c6 3. c4 e6 4. e3 Nf6 5. Nc3 Be7 6. Bd3 Nbd7 7. O-O O-O 8. Qc2
h6 9. Bd2 b6 10. e4 dxe4 11. Nxe4 Bb7 12. Rad1 c5 13. dxc5 bxc5 14. Bc3 Qc7 15.
Rfe1 Rfd8 16. Rd2 Nxe4 17. Bxe4 Bxe4 18. Qxe4 Bf6 19. Qc2 Bxc3 20. Qxc3 Nf6 21.
h3 Rxd2 22. Nxd2 Rd8 23. Nb3 Rd6 24. Qe3 Nd7 25. Qf3 Nb6 26. Qe2 Na4 27. Rb1
Qd8 28. Kh2 Rd3 29. g3 Rd6 30. Qe3 Qc7 31. Nd2 Rd7 32. b3 Nb6 33. Re1 Rd4 34.
Nf3 Rd6 35. Re2 Nc8 36. Ne5 Ne7 37. Qe4 Nf5 38. Qa8+ Rd8 39. Qc6 Qxc6 40. Nxc6
Rd7 41. Ne5 Rd1 42. Kg2 Kf8 43. Rb2 Ne7 44. b4 f6 45. Ng4 cxb4 46. Rxb4 Nc6 47.
Rb7 Na5 48. Rc7 Rd2 49. Ne3 Rxa2 50. Rxa7 Ra3 51. Rc7 Rc3 52. Rc5 Nb3 53. Rc8+
Ke7 54. Rc7+ Kd6 55. Rxg7 Nd2 56. Rg4 Kc5 57. Rh4 Nxc4 58. Nxc4 Rxc4 59. Rxh6
1-0

[Event "Dyfed Open"]
[Site "Fishguard"]
[Date "2017.02.25"]
[Round "3"]
[White "May, Adam J"]
[Black "Richmond, Jane"]
[Result "1/2-1/2"]
[WhiteElo "1922"]
[BlackElo "2126"]
[PlyCount "67"]
[EventDate "2017.02.24"]
[EventType "swiss"]
[EventRounds "5"]
[EventCountry "WLS"]

1. c4 e5 2. g3 Nc6 3. Nc3 g6 4. Bg2 Bg7 5. e4 d6 6. Nge2 h5 7. h4 Bg4 8. f3 Be6
9. d3 Qd7 10. Bg5 a6 11. Qd2 Rb8 12. Nd5 b6 13. Rd1 b5 14. b3 a5 15. Be3 Nge7
16. d4 exd4 17. Nxd4 bxc4 18. bxc4 O-O 19. Nxe7+ Nxe7 20. Nxe6 Qxe6 21. Bd4
Bxd4 22. Qxd4 Nc6 23. Qd5 Ne5 24. c5 Rb2 25. Qxe6 fxe6 26. O-O dxc5 27. Rf2
Rxf2 28. Kxf2 c4 29. f4 Nd3+ 30. Ke3 Nb2 31. Rc1 Rd8 32. Bf1 c3 33. Be2 Na4 34.
Bb5 1/2-1/2

[Event "Dyfed Open"]
[Site "Fishguard"]
[Date "2017.02.25"]
[Round "3"]
[White "Miles, Richard"]
[Black "Kett, Tim"]
[Result "0-1"]
[WhiteElo "1983"]
[BlackElo "2193"]
[PlyCount "66"]
[EventDate "2017.02.24"]
[EventType "swiss"]
[EventRounds "5"]
[EventCountry "WLS"]

1. d4 Nf6 2. c4 e6 3. Nf3 c5 4. d5 exd5 5. cxd5 d6 6. Nc3 a6 7. a4 g6 8. e4 Bg7
9. h3 O-O 10. Bd3 Nfd7 11. O-O Ne5 12. Nxe5 Bxe5 13. f4 Bd4+ 14. Kh1 f5 15.
exf5 Bxf5 16. Bxf5 Rxf5 17. g4 Rf8 18. Ne4 Qh4 19. Ra3 Nd7 20. Ng5 Nf6 21. Ne6
Ne4 22. Nxd4 cxd4 23. Kg2 Rac8 24. Bd2 Rf7 25. Be1 Qf6 26. Bf2 Qxf4 27. Bg3
Rc2+ 28. Qxc2 Qxf1+ 29. Kh2 Nxg3 30. Kxg3 Qg1+ 31. Kh4 Qe1+ 32. Kg5 Qe7+ 33.
Kh6 Qh4# 0-1

[Event "Dyfed Open"]
[Site "Fishguard"]
[Date "2017.02.25"]
[Round "3"]
[White "Bourne, Johnathan D"]
[Black "May, Frank"]
[Result "1/2-1/2"]
[WhiteElo "1948"]
[BlackElo "2103"]
[PlyCount "40"]
[EventDate "2017.02.24"]
[EventType "swiss"]
[EventRounds "5"]
[EventCountry "WLS"]

1. e4 Nf6 2. e5 Nd5 3. d4 d6 4. Nf3 dxe5 5. Nxe5 c6 6. Be2 Nd7 7. Nf3 g6 8. O-O
Bg7 9. c4 Nc7 10. Nc3 O-O 11. Be3 a6 12. a4 a5 13. Qc1 Na6 14. Rd1 Nb4 15. d5
Qe8 16. Bh6 Nf6 17. Bxg7 Kxg7 18. Qf4 Nd7 19. Rd2 e5 20. dxe6 fxe6 1/2-1/2

[Event "Dyfed Open"]
[Site "Fishguard"]
[Date "2017.02.28"]
[Round "3"]
[White "Heap, Gerry"]
[Black "Van Kemenade, Rudy"]
[Result "1-0"]
[WhiteElo "2072"]
[BlackElo "1947"]
[PlyCount "75"]
[EventDate "2017.02.24"]
[EventType "swiss"]
[EventRounds "5"]
[EventCountry "WLS"]

1. c4 e5 2. Nc3 Nc6 3. g3 f5 4. Bg2 Nf6 5. d3 h6 6. Rb1 a5 7. a3 d6 8. b4 axb4
9. axb4 g5 10. b5 Nd4 11. e3 Ne6 12. Nd5 Bg7 13. Nxf6+ Qxf6 14. Qh5+ Qf7 15.
Qxf7+ Kxf7 16. Ne2 Nc5 17. Kd2 Ra2+ 18. Rb2 Ra3 19. d4 Nd3 20. Rc2 Nxc1 21.
Rhxc1 e4 22. Nc3 c6 23. f3 exf3 24. Bxf3 Bd7 25. Rb2 f4 26. gxf4 gxf4 27. bxc6
fxe3+ 28. Kxe3 bxc6 29. Rb7 Re8+ 30. Kd2 Re7 31. Rf1 Bxd4 32. Bxc6+ Kg7 33. Nd5
Bxc6 34. Rxe7+ Kg6 35. Re6+ Kg5 36. Rxd6 Be8 37. Rf8 Bh5 38. h4+ 1-0

[Event "Dyfed Open"]
[Site "Fishguard"]
[Date "2017.02.25"]
[Round "3"]
[White "Hewitt, William"]
[Black "Bevan, Peter M"]
[Result "1-0"]
[WhiteElo "2033"]
[BlackElo "1917"]
[PlyCount "77"]
[EventDate "2017.02.24"]
[EventType "swiss"]
[EventRounds "5"]
[EventCountry "WLS"]

1. e4 d5 2. exd5 Nf6 3. d4 Bg4 4. Bb5+ Nbd7 5. f3 Bf5 6. Nc3 a6 7. Ba4 b5 8.
Bb3 Nb6 9. Nge2 Nbxd5 10. Nxd5 Nxd5 11. O-O e6 12. Ng3 Bg6 13. f4 Be7 14. Qf3
f5 15. Re1 Qd7 16. Bd2 O-O 17. Rxe6 Bf7 18. Qxd5 Qxd5 19. Bxd5 Bxe6 20. Bxe6+
Kh8 21. Bxf5 Rad8 22. Be3 Bh4 23. Bd3 Bf6 24. Ne2 c5 25. c3 Rfe8 26. Kf2 Re7
27. b3 Rde8 28. Bd2 b4 29. Rc1 bxc3 30. Bxc3 cxd4 31. Bd2 Re6 32. b4 g6 33. a4
Ra8 34. Rc4 Rd6 35. Kf3 Rb8 36. Ng3 Rdb6 37. Ne4 Be7 38. a5 R6b7 39. Nc5 1-0

[Event "Dyfed Open"]
[Site "Fishguard"]
[Date "2017.02.25"]
[Round "3"]
[White "Powell, Lloyd"]
[Black "Greatorex, Roger"]
[Result "1-0"]
[WhiteElo "2088"]
[BlackElo "1820"]
[PlyCount "71"]
[EventDate "2017.02.24"]
[EventType "swiss"]
[EventRounds "5"]
[EventCountry "WLS"]

1. d4 e5 2. dxe5 Nc6 3. Nf3 Qe7 4. Nbd2 Nxe5 5. g3 Nxf3+ 6. Nxf3 c6 7. Bg2 d5
8. O-O f5 9. c4 Nf6 10. cxd5 Nxd5 11. e4 fxe4 12. Re1 Bg4 13. Qd4 Nf6 14. Bg5
c5 15. Qc3 O-O-O 16. Nd2 Rd3 17. Qc2 Qd7 18. Nxe4 Nxe4 19. Bxe4 Rd4 20. Be3
Rxe4 21. Qxe4 Bf5 22. Qc4 Be6 23. Qe2 Bg4 24. f3 Bf5 25. Rac1 b6 26. Bf4 Qd4+
27. Kg2 Kb7 28. Rcd1 Qf6 29. Rd2 Qc6 30. Qe8 g5 31. Qf7+ Ka6 32. Qxf5 gxf4 33.
Qe5 Rg8 34. Qe8 Qh6 35. Qa4+ Kb7 36. Rd7+ 1-0

[Event "Dyfed Open"]
[Site "Fishguard"]
[Date "2017.02.25"]
[Round "3"]
[White "Francis, Matthew"]
[Black "Waterfield, John W"]
[Result "1/2-1/2"]
[WhiteElo "1634"]
[BlackElo "1968"]
[PlyCount "80"]
[EventDate "2017.02.24"]
[EventType "swiss"]
[EventRounds "5"]
[EventCountry "WLS"]

1. d4 Nf6 2. Bf4 g6 3. Nc3 c5 4. d5 d6 5. e4 Bg7 6. Qd2 O-O 7. Bh6 b5 8. Bxb5
Qb6 9. Bxg7 Kxg7 10. Bd3 Qxb2 11. Rb1 Qa3 12. Nge2 Qa5 13. f3 Nbd7 14. Bb5 Rb8
15. O-O Ba6 16. Bxa6 Qxa6 17. f4 Rb4 18. Qe3 Rfb8 19. Rb3 Qb6 20. h3 c4 21.
Qxb6 R8xb6 22. Rxb4 Rxb4 23. Nd4 Rb2 24. Rf2 Nc5 25. Re2 e6 26. dxe6 fxe6 27.
e5 dxe5 28. Rxe5 Nfd7 29. Nxe6+ Nxe6 30. Rxe6 Rxc2 31. Re7+ Kf8 32. Rxd7 Rxc3
33. Rxa7 Kg8 34. Kf2 Rc1 35. Ke3 Rc2 36. g4 Rc3+ 37. Kd4 Rxh3 38. Ke5 Rd3 39.
Rc7 Ra3 40. Rxc4 Rxa2 1/2-1/2

[Event "Dyfed Open"]
[Site "Fishguard"]
[Date "2017.02.25"]
[Round "3"]
[White "Taylor, Robert Graham"]
[Black "Stuart, Neil"]
[Result "1-0"]
[WhiteElo "1930"]
[BlackElo "1783"]
[PlyCount "77"]
[EventDate "2017.02.24"]
[EventType "swiss"]
[EventRounds "5"]
[EventCountry "WLS"]

1. c4 Nf6 2. Nc3 e5 3. g3 Nc6 4. Bg2 Bb4 5. d3 O-O 6. Bd2 Re8 7. e3 d6 8. Nge2
Bg4 9. h3 Bf5 10. e4 Bd7 11. O-O Qc8 12. Kh2 a6 13. f4 Nd4 14. Nxd4 exd4 15.
Ne2 Bxd2 16. Qxd2 c5 17. Ng1 Rb8 18. Rae1 h6 19. Nf3 b5 20. b3 a5 21. e5 dxe5
22. Nxe5 bxc4 23. Nxc4 Qa6 24. Qxa5 Qxa5 25. Nxa5 Kf8 26. Nc6 Bf5 27. Ne5 Rb6
28. g4 Be6 29. Rc1 Ra6 30. Rf2 Ra5 31. Nc4 Ra6 32. Kg3 Bd5 33. Ne5 Bxg2 34.
Rxg2 Rc8 35. b4 Rca8 36. bxc5 Rxa2 37. Rxa2 Rxa2 38. c6 Ra7 39. c7 1-0

[Event "Dyfed Open"]
[Site "Fishguard"]
[Date "2017.02.25"]
[Round "3"]
[White "Miller, John S"]
[Black "Ehsander, Peter"]
[Result "1-0"]
[WhiteElo "1651"]
[BlackElo "1928"]
[PlyCount "93"]
[EventDate "2017.02.24"]
[EventType "swiss"]
[EventRounds "5"]
[EventCountry "WLS"]

1. d4 Nf6 2. Nf3 e6 3. Bf4 Nh5 4. Bg5 Be7 5. Bxe7 Qxe7 6. c3 d5 7. e3 c5 8. Bd3
Nf6 9. O-O Nc6 10. Nbd2 O-O 11. Re1 cxd4 12. exd4 Qd6 13. Qc2 h6 14. Ne5 Bd7
15. f4 Rac8 16. Nxc6 bxc6 17. g3 c5 18. Nf3 Qb6 19. Qd2 Bb5 20. Bc2 Ba6 21. h3
Bb7 22. Kh2 cxd4 23. Nxd4 Ne4 24. Bxe4 dxe4 25. Re3 Rfd8 26. Rae1 f6 27. Qf2 e5
28. fxe5 fxe5 29. Nf5 Qe6 30. g4 Rf8 31. Qc2 Rcd8 32. Ng3 Rf4 33. Nxe4 Qg6 34.
R1e2 Kh7 35. Nc5 Qxc2 36. Rxc2 Bc8 37. Rxe5 Rd6 38. Rce2 Rc6 39. Kg3 Rc4 40.
Nd3 Rd6 41. Nf4 Bb7 42. Re7 Bc6 43. Ne6 Rd3+ 44. Kh2 Rd1 45. Rxg7+ Kh8 46. Rf2
Rd8 47. Rff7 1-0